. موسوعة الشركات التجارية (Record no. 14934)

MARC details
000 -LEADER
fixed length control field 01005nam a2200217 4500
005 - DATE AND TIME OF LATEST TRANSACTION
control field 20200615085750.0
008 - FIXED-LENGTH DATA ELEMENTS--GENERAL INFORMATION
fixed length control field b xx# ara u
010 ## - LIBRARY OF CONGRESS CONTROL NUMBER
LC control number 39830/4-49635/9-50445/54
040 ## - CATALOGING SOURCE
Original cataloging agency LB-BrCRDP
082 ## - DEWEY DECIMAL CLASSIFICATION NUMBER
Classification number 346.06 N268m
100 1# - MAIN ENTRY--PERSONAL NAME
Personal name . ناصيف، الياس
130 0# - MAIN ENTRY--UNIFORM TITLE
Language of a work AR
245 10 - TITLE STATEMENT
Title . موسوعة الشركات التجارية
Statement of responsibility, etc. الياس ناصيف
260 ## - PUBLICATION, DISTRIBUTION, ETC.
Place of publication, distribution, etc. بيروت
Date of publication, distribution, etc. 1995-2000
300 ## - PHYSICAL DESCRIPTION
Extent 7 اجزاء
Dimensions 24 سم.
490 0# - SERIES STATEMENT
Series statement يوجد في المكتبة الجزء الاول الثالث الخامس والسابع
500 ## - GENERAL NOTE
General note * ج.3. الشركات القابضة (هولدنغ) والشركات المحصور نشاطها في (الخارج (اوف شور * .ج.7. تأسيس الشركة المغفلة * .ج.1. الاحكام العامة للشركة * ج.5. شركة الشخص الواحد
650 ## - SUBJECT ADDED ENTRY--TOPICAL TERM
Topical term or geographic name entry element الشركات
General subdivision قوانين وتشريعات-لبنان
942 ## - ADDED ENTRY ELEMENTS (KOHA)
Koha item type Books
Source of classification or shelving scheme Dewey Decimal Classification
Holdings
Withdrawn status Lost status Source of classification or shelving scheme Damaged status Not for loan Home library Current library Shelving location Date acquired Serial Enumeration / chronology Total Checkouts Full call number Barcode Date last seen Copy number Price effective from Koha item type
    Dewey Decimal Classification     مكتبة المطبعة - سن الفيل مكتبة المطبعة - سن الفيل Salle de Lecture 07/28/2016 3   346.06 N268m CRF006708 07/28/2016 2 07/28/2016 Books
    Dewey Decimal Classification     مكتبة المطبعة - سن الفيل مكتبة المطبعة - سن الفيل Salle de Lecture 07/28/2016 7   346.06 N268m CRF008507 07/28/2016 2 07/28/2016 Books
    Dewey Decimal Classification     مكتبة المطبعة - سن الفيل مكتبة المطبعة - سن الفيل Salle de Lecture 07/28/2016 1   346.06 N268m CRF009650 07/28/2016 2 07/28/2016 Books
    Dewey Decimal Classification     مكتبة المطبعة - سن الفيل مكتبة المطبعة - سن الفيل Salle de Lecture 07/28/2016 1   346.06 N268m CRF009651 07/28/2016 2 07/28/2016 Books
    Dewey Decimal Classification     مكتبة المطبعة - سن الفيل مكتبة المطبعة - سن الفيل Salle de Lecture 07/28/2016 5   346.06 N268m CRF009655 07/28/2016 2 07/28/2016 Books
    Dewey Decimal Classification     مكتبة المطبعة - سن الفيل مكتبة المطبعة - سن الفيل Salle de Lecture 07/28/2016 5   346.06 N268m CRF009656 07/28/2016 2 07/28/2016 Books
    Dewey Decimal Classification     مكتبة المطبعة - سن الفيل مكتبة المطبعة - سن الفيل Salle de Lecture 07/28/2016 5   346.06 N268m CRF009657 07/28/2016 1 07/28/2016 Books